000
00222nam a22000857a 4500
008
160928b xxu||||| |||| 00| 0 eng d
100
_9
812
_a
Ridout.C.S.
245
_a
English-2 W.B
260
_a
New Delhi
_b
B.Son. Publications
_c
2011
999
_c
3466
_d
3466